What's inside?: (Record no. 2434)

MARC details
000 -LEADER
fixed length control field 005130000a22001810004500
005 - DATE AND TIME OF LATEST TRANSACTION
control field 20240503150956.0
008 - FIXED-LENGTH DATA ELEMENTS--GENERAL INFORMATION
fixed length control field 230817t ||||| |||| 00| 0 eng d
082 ## - DEWEY DECIMAL CLASSIFICATION NUMBER
Classification number 362.77
Item number RED
942 ## - ADDED ENTRY ELEMENTS (KOHA)
Item Type Reports
110 ## - MAIN ENTRY--CORPORATE NAME
Corporate Name Redd Barna Sri Lanka
700 ## - ADDED ENTRY--PERSONAL NAME
Personal name Fuglesang, A.
Relator Term editor
700 ## - ADDED ENTRY--PERSONAL NAME
Personal name Chandler, D.
Relator Term editor
245 ## - TITLE STATEMENT
Title What's inside?:
Sub Title learning with children in the streets
260 ## - PUBLICATION, DISTRIBUTION, ETC. (IMPRINT)
Place of Publication [Colombo]:
Name of Publisher Redd Barna Sri Lanka
Date of Copyright 1989
300 ## - PHYSICAL DESCRIPTION
Extent 132 p.
440 ## - SERIES STATEMENT/ADDED ENTRY--TITLE
Title Our output
Volume no. 5
650 ## - SUBJECT ADDED ENTRY--TOPICAL TERM
Topical Term STREET CHILDREN-Sri Lanka
Holdings
Withdrawn status Lost status Damaged status Not for loan Permanent location Current location Date acquired Total Checkouts Full call number Barcode Date last seen Price effective from Koha item type
        Resource center, Muslim Women's Research And Action Forum Resource center, Muslim Women's Research And Action Forum 2023-08-17   362.77 RED RAF4304 2023-08-17 2023-08-17 Reports

Copyright © 2023 Muslim Women's Research and Action Forum (MWRAF), No 27/3, Anderson Road, Kalubowila, Dehiwela. Funded by The Asia Fundation